| 000 | 00673nam a2200217Ia 4500 | ||
|---|---|---|---|
| 003 | GCL | ||
| 008 | 140319s9999 xx 000 0 ara d | ||
| 040 |
_aGCL / _cGCL |
||
| 082 | 0 | 4 |
_a170 _bث ك |
| 100 | 1 | _aثيوفراسط | |
| 245 | 1 | 0 |
_aكتاب الطباع / _cثيوفراسط |
| 260 |
_aالقاهرة : _bالهيئة العامة لقصور الثقافة ، _c0 |
||
| 300 |
_a140 ص ؛ _c12 سم |
||
| 490 |
_aسلسلة التراث العلمى العربى _v0 |
||
| 650 | 0 | 4 | _aالخوف |
| 650 | 0 | 4 | _aالاخلاق الاجتماعية |
| 650 | 0 | 4 | _aالاخلاق - علم |
| 650 | 0 | 4 | _aالبخل |
| 650 | 0 | 4 | _aثيوفراسط |
| 942 |
_2ddc _cBK |
||
| 999 |
_c28340 _d28340 |
||